<?xml version="1.0" encoding="UTF-8"?>
<collection xmlns="http://www.loc.gov/MARC21/slim">
 <record>
  <leader>04289aam a22004578a 4500</leader>
  <controlfield tag="001">NCT_14377</controlfield>
  <controlfield tag="008">141021s2014                  ||||||viesd</controlfield>
  <datafield tag="999" ind1=" " ind2=" ">
   <subfield code="c">686</subfield>
   <subfield code="d">686</subfield>
  </datafield>
  <datafield tag="020" ind1=" " ind2=" ">
   <subfield code="a">9786040038241</subfield>
   <subfield code="c">37000</subfield>
  </datafield>
  <datafield tag="082" ind1="0" ind2="4">
   <subfield code="2">23rd ed.</subfield>
   <subfield code="a">510</subfield>
   <subfield code="b">Tr300</subfield>
  </datafield>
  <datafield tag="100" ind1="1" ind2=" ">
   <subfield code="a">Nguyễn Đình Trí</subfield>
  </datafield>
  <datafield tag="245" ind1="1" ind2="0">
   <subfield code="a">Toán học cao cấp :</subfield>
   <subfield code="n">Tập 1</subfield>
   <subfield code="p">Đại số và hình học giải tích</subfield>
   <subfield code="b">Giáo trình dùng cho các trường đại học kĩ thuật</subfield>
   <subfield code="c">Nguyễn Đình Trí (chủ biên), Tạ Văn Đĩnh, Nguyễn Hồ Quỳnh</subfield>
  </datafield>
  <datafield tag="250" ind1=" " ind2=" ">
   <subfield code="a">Tái bản lần thứ 19</subfield>
  </datafield>
  <datafield tag="260" ind1=" " ind2=" ">
   <subfield code="a">H.</subfield>
   <subfield code="b">Giáo dục</subfield>
   <subfield code="c">2014</subfield>
  </datafield>
  <datafield tag="300" ind1=" " ind2=" ">
   <subfield code="a">391tr.</subfield>
   <subfield code="b">hình vẽ</subfield>
   <subfield code="c">21cm</subfield>
  </datafield>
  <datafield tag="520" ind1="3" ind2=" ">
   <subfield code="a">Trình bày các kiến thức đại số, hình học giải tích về tập hợp và ánh xạ, cấu trúc đại số - số phức - đa thức và phân thức hữu tỉ, ma trận - định thức - hệ phương trình tuyến tính, hình học giải tích, không gian vectơ - không gian Euclid, ánh xạ tuyến tính, trị riêng và vectơ riêng của toán tử tuyến tính, dạng toàn phương</subfield>
  </datafield>
  <datafield tag="653" ind1=" " ind2=" ">
   <subfield code="a">Khoa học cơ bản</subfield>
  </datafield>
  <datafield tag="655" ind1=" " ind2="7">
   <subfield code="a">Giáo trình</subfield>
  </datafield>
  <datafield tag="700" ind1="1" ind2=" ">
   <subfield code="a">Nguyễn Hồ Quỳnh</subfield>
  </datafield>
  <datafield tag="700" ind1="1" ind2=" ">
   <subfield code="a">Tạ Văn Đĩnh</subfield>
  </datafield>
  <datafield tag="942" ind1=" " ind2=" ">
   <subfield code="2">ddc</subfield>
   <subfield code="c">BK</subfield>
  </datafield>
  <datafield tag="952" ind1=" " ind2=" ">
   <subfield code="0">0</subfield>
   <subfield code="1">0</subfield>
   <subfield code="2">ddc</subfield>
   <subfield code="4">0</subfield>
   <subfield code="6">510_000000000000000_TR300</subfield>
   <subfield code="7">0</subfield>
   <subfield code="9">5146</subfield>
   <subfield code="a">000001</subfield>
   <subfield code="b">000001</subfield>
   <subfield code="d">2017-12-01</subfield>
   <subfield code="l">1</subfield>
   <subfield code="o">510 Tr300</subfield>
   <subfield code="p">MD.03629</subfield>
   <subfield code="r">2018-05-21</subfield>
   <subfield code="s">2018-05-15</subfield>
   <subfield code="v">37000.00</subfield>
   <subfield code="w">2017-12-01</subfield>
   <subfield code="y">BK</subfield>
  </datafield>
  <datafield tag="952" ind1=" " ind2=" ">
   <subfield code="0">0</subfield>
   <subfield code="1">0</subfield>
   <subfield code="2">ddc</subfield>
   <subfield code="4">0</subfield>
   <subfield code="6">510_000000000000000_TR300</subfield>
   <subfield code="7">0</subfield>
   <subfield code="9">5147</subfield>
   <subfield code="a">000001</subfield>
   <subfield code="b">000001</subfield>
   <subfield code="d">2017-12-01</subfield>
   <subfield code="o">510 Tr300</subfield>
   <subfield code="p">MD.03630</subfield>
   <subfield code="r">2017-12-01</subfield>
   <subfield code="v">37000.00</subfield>
   <subfield code="w">2017-12-01</subfield>
   <subfield code="y">BK</subfield>
  </datafield>
  <datafield tag="952" ind1=" " ind2=" ">
   <subfield code="0">0</subfield>
   <subfield code="1">0</subfield>
   <subfield code="2">ddc</subfield>
   <subfield code="4">0</subfield>
   <subfield code="6">510_000000000000000_TR300</subfield>
   <subfield code="7">0</subfield>
   <subfield code="9">5148</subfield>
   <subfield code="a">000001</subfield>
   <subfield code="b">000001</subfield>
   <subfield code="d">2017-12-01</subfield>
   <subfield code="o">510 Tr300</subfield>
   <subfield code="p">MD.02999</subfield>
   <subfield code="r">2017-12-01</subfield>
   <subfield code="v">37000.00</subfield>
   <subfield code="w">2017-12-01</subfield>
   <subfield code="y">BK</subfield>
  </datafield>
  <datafield tag="952" ind1=" " ind2=" ">
   <subfield code="0">0</subfield>
   <subfield code="1">0</subfield>
   <subfield code="2">ddc</subfield>
   <subfield code="4">0</subfield>
   <subfield code="6">510_000000000000000_TR300</subfield>
   <subfield code="7">0</subfield>
   <subfield code="9">5149</subfield>
   <subfield code="a">000001</subfield>
   <subfield code="b">000001</subfield>
   <subfield code="d">2017-12-01</subfield>
   <subfield code="o">510 Tr300</subfield>
   <subfield code="p">MD.03000</subfield>
   <subfield code="r">2017-12-01</subfield>
   <subfield code="v">37000.00</subfield>
   <subfield code="w">2017-12-01</subfield>
   <subfield code="y">BK</subfield>
  </datafield>
  <datafield tag="952" ind1=" " ind2=" ">
   <subfield code="0">0</subfield>
   <subfield code="1">0</subfield>
   <subfield code="2">ddc</subfield>
   <subfield code="4">0</subfield>
   <subfield code="6">510_000000000000000_TR300</subfield>
   <subfield code="7">0</subfield>
   <subfield code="9">5150</subfield>
   <subfield code="a">000001</subfield>
   <subfield code="b">000001</subfield>
   <subfield code="d">2017-12-01</subfield>
   <subfield code="o">510 Tr300</subfield>
   <subfield code="p">MD.03731</subfield>
   <subfield code="r">2017-12-01</subfield>
   <subfield code="v">37000.00</subfield>
   <subfield code="w">2017-12-01</subfield>
   <subfield code="y">BK</subfield>
  </datafield>
  <datafield tag="952" ind1=" " ind2=" ">
   <subfield code="0">0</subfield>
   <subfield code="1">0</subfield>
   <subfield code="2">ddc</subfield>
   <subfield code="4">0</subfield>
   <subfield code="6">510_000000000000000_TR300</subfield>
   <subfield code="7">0</subfield>
   <subfield code="9">5151</subfield>
   <subfield code="a">000001</subfield>
   <subfield code="b">000001</subfield>
   <subfield code="d">2017-12-01</subfield>
   <subfield code="o">510 Tr300</subfield>
   <subfield code="p">MD.03732</subfield>
   <subfield code="r">2017-12-01</subfield>
   <subfield code="v">37000.00</subfield>
   <subfield code="w">2017-12-01</subfield>
   <subfield code="y">BK</subfield>
  </datafield>
  <datafield tag="952" ind1=" " ind2=" ">
   <subfield code="0">0</subfield>
   <subfield code="1">0</subfield>
   <subfield code="2">ddc</subfield>
   <subfield code="4">0</subfield>
   <subfield code="6">510_000000000000000_TR300</subfield>
   <subfield code="7">0</subfield>
   <subfield code="9">5152</subfield>
   <subfield code="a">000001</subfield>
   <subfield code="b">000001</subfield>
   <subfield code="d">2017-12-01</subfield>
   <subfield code="o">510 Tr300</subfield>
   <subfield code="p">MD.03733</subfield>
   <subfield code="r">2017-12-01</subfield>
   <subfield code="v">37000.00</subfield>
   <subfield code="w">2017-12-01</subfield>
   <subfield code="y">BK</subfield>
  </datafield>
  <datafield tag="952" ind1=" " ind2=" ">
   <subfield code="0">0</subfield>
   <subfield code="1">0</subfield>
   <subfield code="2">ddc</subfield>
   <subfield code="4">0</subfield>
   <subfield code="6">510_000000000000000_TR300</subfield>
   <subfield code="7">0</subfield>
   <subfield code="9">5153</subfield>
   <subfield code="a">000001</subfield>
   <subfield code="b">000001</subfield>
   <subfield code="d">2017-12-01</subfield>
   <subfield code="o">510 Tr300</subfield>
   <subfield code="p">MD.03734</subfield>
   <subfield code="r">2017-12-01</subfield>
   <subfield code="v">37000.00</subfield>
   <subfield code="w">2017-12-01</subfield>
   <subfield code="y">BK</subfield>
  </datafield>
  <datafield tag="952" ind1=" " ind2=" ">
   <subfield code="0">0</subfield>
   <subfield code="1">0</subfield>
   <subfield code="2">ddc</subfield>
   <subfield code="4">0</subfield>
   <subfield code="6">510_000000000000000_TR300</subfield>
   <subfield code="7">0</subfield>
   <subfield code="9">5154</subfield>
   <subfield code="a">000001</subfield>
   <subfield code="b">000001</subfield>
   <subfield code="d">2017-12-01</subfield>
   <subfield code="o">510 Tr300</subfield>
   <subfield code="p">MD.03735</subfield>
   <subfield code="r">2017-12-01</subfield>
   <subfield code="v">37000.00</subfield>
   <subfield code="w">2017-12-01</subfield>
   <subfield code="y">BK</subfield>
  </datafield>
  <datafield tag="952" ind1=" " ind2=" ">
   <subfield code="0">0</subfield>
   <subfield code="1">0</subfield>
   <subfield code="2">ddc</subfield>
   <subfield code="4">0</subfield>
   <subfield code="6">510_000000000000000_TR300</subfield>
   <subfield code="7">0</subfield>
   <subfield code="9">5155</subfield>
   <subfield code="a">000001</subfield>
   <subfield code="b">000001</subfield>
   <subfield code="d">2017-12-01</subfield>
   <subfield code="o">510 Tr300</subfield>
   <subfield code="p">MD.03736</subfield>
   <subfield code="r">2017-12-01</subfield>
   <subfield code="v">37000.00</subfield>
   <subfield code="w">2017-12-01</subfield>
   <subfield code="y">BK</subfield>
  </datafield>
  <datafield tag="952" ind1=" " ind2=" ">
   <subfield code="0">0</subfield>
   <subfield code="1">0</subfield>
   <subfield code="2">ddc</subfield>
   <subfield code="4">0</subfield>
   <subfield code="6">510_000000000000000_TR300</subfield>
   <subfield code="7">0</subfield>
   <subfield code="9">5156</subfield>
   <subfield code="a">000001</subfield>
   <subfield code="b">000001</subfield>
   <subfield code="d">2017-12-01</subfield>
   <subfield code="o">510 Tr300</subfield>
   <subfield code="p">MD.03737</subfield>
   <subfield code="r">2017-12-01</subfield>
   <subfield code="v">37000.00</subfield>
   <subfield code="w">2017-12-01</subfield>
   <subfield code="y">BK</subfield>
  </datafield>
  <datafield tag="952" ind1=" " ind2=" ">
   <subfield code="0">0</subfield>
   <subfield code="1">0</subfield>
   <subfield code="2">ddc</subfield>
   <subfield code="4">0</subfield>
   <subfield code="6">510_000000000000000_TR300</subfield>
   <subfield code="7">0</subfield>
   <subfield code="9">5157</subfield>
   <subfield code="a">000001</subfield>
   <subfield code="b">000001</subfield>
   <subfield code="d">2017-12-01</subfield>
   <subfield code="o">510 Tr300</subfield>
   <subfield code="p">MD.03738</subfield>
   <subfield code="r">2017-12-01</subfield>
   <subfield code="v">37000.00</subfield>
   <subfield code="w">2017-12-01</subfield>
   <subfield code="y">BK</subfield>
  </datafield>
  <datafield tag="952" ind1=" " ind2=" ">
   <subfield code="0">0</subfield>
   <subfield code="1">0</subfield>
   <subfield code="2">ddc</subfield>
   <subfield code="4">0</subfield>
   <subfield code="6">510_000000000000000_TR300</subfield>
   <subfield code="7">0</subfield>
   <subfield code="9">5158</subfield>
   <subfield code="a">000001</subfield>
   <subfield code="b">000001</subfield>
   <subfield code="d">2017-12-01</subfield>
   <subfield code="o">510 Tr300</subfield>
   <subfield code="p">MD.03739</subfield>
   <subfield code="r">2017-12-01</subfield>
   <subfield code="v">37000.00</subfield>
   <subfield code="w">2017-12-01</subfield>
   <subfield code="y">BK</subfield>
  </datafield>
  <datafield tag="952" ind1=" " ind2=" ">
   <subfield code="0">0</subfield>
   <subfield code="1">0</subfield>
   <subfield code="2">ddc</subfield>
   <subfield code="4">0</subfield>
   <subfield code="6">510_000000000000000_TR300</subfield>
   <subfield code="7">0</subfield>
   <subfield code="9">5159</subfield>
   <subfield code="a">000001</subfield>
   <subfield code="b">000001</subfield>
   <subfield code="d">2017-12-01</subfield>
   <subfield code="o">510 Tr300</subfield>
   <subfield code="p">MD.03740</subfield>
   <subfield code="r">2017-12-01</subfield>
   <subfield code="v">37000.00</subfield>
   <subfield code="w">2017-12-01</subfield>
   <subfield code="y">BK</subfield>
  </datafield>
  <datafield tag="952" ind1=" " ind2=" ">
   <subfield code="0">0</subfield>
   <subfield code="1">0</subfield>
   <subfield code="2">ddc</subfield>
   <subfield code="4">0</subfield>
   <subfield code="6">510_000000000000000_TR300</subfield>
   <subfield code="7">0</subfield>
   <subfield code="9">5160</subfield>
   <subfield code="a">000001</subfield>
   <subfield code="b">000001</subfield>
   <subfield code="d">2017-12-01</subfield>
   <subfield code="o">510 Tr300</subfield>
   <subfield code="p">MD.03741</subfield>
   <subfield code="r">2017-12-01</subfield>
   <subfield code="v">37000.00</subfield>
   <subfield code="w">2017-12-01</subfield>
   <subfield code="y">BK</subfield>
  </datafield>
  <datafield tag="952" ind1=" " ind2=" ">
   <subfield code="0">0</subfield>
   <subfield code="1">0</subfield>
   <subfield code="2">ddc</subfield>
   <subfield code="4">0</subfield>
   <subfield code="6">510_000000000000000_TR300</subfield>
   <subfield code="7">0</subfield>
   <subfield code="9">5161</subfield>
   <subfield code="a">000001</subfield>
   <subfield code="b">000001</subfield>
   <subfield code="d">2017-12-01</subfield>
   <subfield code="o">510 Tr300</subfield>
   <subfield code="p">MD.03742</subfield>
   <subfield code="r">2017-12-01</subfield>
   <subfield code="v">37000.00</subfield>
   <subfield code="w">2017-12-01</subfield>
   <subfield code="y">BK</subfield>
  </datafield>
  <datafield tag="952" ind1=" " ind2=" ">
   <subfield code="0">0</subfield>
   <subfield code="1">0</subfield>
   <subfield code="2">ddc</subfield>
   <subfield code="4">0</subfield>
   <subfield code="6">510_000000000000000_TR300</subfield>
   <subfield code="7">0</subfield>
   <subfield code="9">5162</subfield>
   <subfield code="a">000001</subfield>
   <subfield code="b">000001</subfield>
   <subfield code="d">2017-12-01</subfield>
   <subfield code="o">510 Tr300</subfield>
   <subfield code="p">MD.03743</subfield>
   <subfield code="r">2017-12-01</subfield>
   <subfield code="v">37000.00</subfield>
   <subfield code="w">2017-12-01</subfield>
   <subfield code="y">BK</subfield>
  </datafield>
  <datafield tag="952" ind1=" " ind2=" ">
   <subfield code="0">0</subfield>
   <subfield code="1">0</subfield>
   <subfield code="2">ddc</subfield>
   <subfield code="4">0</subfield>
   <subfield code="6">510_000000000000000_TR300</subfield>
   <subfield code="7">0</subfield>
   <subfield code="9">5163</subfield>
   <subfield code="a">000001</subfield>
   <subfield code="b">000001</subfield>
   <subfield code="d">2017-12-01</subfield>
   <subfield code="o">510 Tr300</subfield>
   <subfield code="p">MD.03744</subfield>
   <subfield code="r">2017-12-01</subfield>
   <subfield code="v">37000.00</subfield>
   <subfield code="w">2017-12-01</subfield>
   <subfield code="y">BK</subfield>
  </datafield>
  <datafield tag="952" ind1=" " ind2=" ">
   <subfield code="0">0</subfield>
   <subfield code="1">0</subfield>
   <subfield code="2">ddc</subfield>
   <subfield code="4">0</subfield>
   <subfield code="6">510_000000000000000_TR300</subfield>
   <subfield code="7">0</subfield>
   <subfield code="9">5164</subfield>
   <subfield code="a">000001</subfield>
   <subfield code="b">000001</subfield>
   <subfield code="d">2017-12-01</subfield>
   <subfield code="o">510 Tr300</subfield>
   <subfield code="p">MD.03745</subfield>
   <subfield code="r">2017-12-01</subfield>
   <subfield code="v">37000.00</subfield>
   <subfield code="w">2017-12-01</subfield>
   <subfield code="y">BK</subfield>
  </datafield>
  <datafield tag="980" ind1=" " ind2=" ">
   <subfield code="a">Thư viện Trường Đại học Nam Cần Thơ</subfield>
  </datafield>
 </record>
</collection>
